| 000 | 00591nam a22002417a 4500 | ||
|---|---|---|---|
| 003 | UA-OsUOA | ||
| 001 | 23198 | ||
| 007 | ta | ||
| 008 | 20040114b un ||||| |||| 00| 0 ukr d | ||
| 100 | _aКатрій Ю.Я. | ||
| 090 |
_a264.1 _bК29 |
||
| 942 | _cBK | ||
| 040 |
_aUA-OsUOA _bukr _cUA-OsUOA _dUA-OsUOA |
||
| 245 | _aПізнай свій обряд | ||
| 300 | _a485 с. | ||
| 955 | _a3 | ||
| 041 | _aukr | ||
| 080 | _a264.1 | ||
| 260 |
_aAustria _bThaurdruck _c1990 |
||
| 044 | _aAT | ||
| 650 | 7 |
_a26 Християнська Церква загалом _2UDC |
|
| 999 |
_c309442 _d309442 |
||